000 01276nam a22002657a 4500
999 _c7396
_d7396
003 AR-CdUCM
008 190320b ||||| |||| 00| 0 spa d
040 _aMUNICIPALIDAD PROVINCIAL DEL CUSCO
_cBIBLIOTECA MUNICIPAL DEL CUSCO
041 _heng
082 _26ed. (2da. reimpresión)
_a631.4 /
_bAL43
100 _aAllison, L. E.
_920851
245 _aDiagnostico y rehabilitación de suelos salinos y sódicos :
_bPersonal del laboratorio de salinidad de los Estados Unidos de América /
260 _aMéxico :
_bLimusa,
_c1977.
300 _aXV, 172 páginas ;
_bFiguras, cuadros, ilustraciones,
_c27 cm.
505 _aContenido: Origen y naturaleza de los suelos y sódicos -- Determinación de las propiedades de suelos salinos y sódicos -- Mejoramiento y manejo de los suelos -- Respuesta de las plantas y selección de cultivos para suelos salinos y sódicos -- La calidad de agua para riego ...
650 _aSuelos
_919092
650 _aAgricultura
_9320
650 _aEstados Unidos
_91805
700 _aBrown, J. W.
_920852
700 _aBernstein, L. (coautores)
_920853
700 _aSánchez Durón, Nicolás (traducción)
_920854
710 _aDepartamento de Agricultura de los Estados Unidos de América.
_920855
942 _2ddc
_cLIBROS
945 _aachl